000
00328nam a2200145Ia 4500
008
230718s9999 xx 000 0 und d
041
_a
Eng.
082
_a
JN125
_b
BAG-T
100
_a
Bagehot,Walter
245
4
_a
The english contitution
260
_a
Pakistan
_b
Ok ford
_c
2001
300
_a
207
650
_a
Law
999
_c
31931
_d
31931